La sucesión forzosa del cónyuge viudo en el derecho chileno / (Record no. 42099)

MARC details
000 -LEADER
campo de control de longitud fija 00589nam a2200169 i 4500
001 - NÚMERO DE CONTROL
campo de control 42099
003 - IDENTIFICADOR DE NÚMERO DE CONTROL
campo de control ES-MaACL
005 - FECHA Y HORA DE LA ÚLTIMA TRANSACCIÓN
campo de control 20230906160540.0
007 - CAMPO FIJO DE DESCRIPCIÓN FÍSICA--INFORMACIÓN GENERAL
campo de control de longitud fija t|
008 - DATOS DE LONGITUD FIJA--INFORMACIÓN GENERAL
campo de control de longitud fija 030312s1966 sp ||||1| spa d
100 1# - ENTRADA PRINCIPAL--NOMBRE DE PERSONA
Nombre de persona Castán Vázquez, José María.
9 (RLIN) 36393
245 13 - MENCIÓN DEL TÍTULO
Título La sucesión forzosa del cónyuge viudo en el derecho chileno /
Mención de responsabilidad, etc. por José María Castán Vázquez.
260 ## - PUBLICACIÓN, DISTRIBUCIÓN, ETC.
Lugar de publicación, distribución, etc. Madrid :
Nombre del editor, distribuidor, etc. Instituto Nacional de Estudios Jurídicos,
Fecha de publicación, distribución, etc. 1966.
300 ## - DESCRIPCIÓN FÍSICA
Extensión 7 h. ;
Dimensiones 24 cm.
500 ## - NOTA GENERAL
Nota general Es separata de: Anuario de derecho civil. P. 829-841.
852 ## - LOCALIZACIÓN
Ubicación ES-MaACL
Número de control de estantería 2057-F-13
Sublocalización o colección R.62749
Holdings
Estatus retirado Estado de pérdida Estado de daño No para préstamo Colección Biblioteca de origen Biblioteca actual Ubicación en estantería Fecha de adquisición Fuente de adquisición Total de préstamos Signatura topográfica completa Código de barras Visto por última vez Precio de reemplazo Tipo de ítem Koha
        Colección de folletos Biblioteca del Ateneo de Madrid Biblioteca del Ateneo de Madrid Depósito folletos 17/01/2008     2057-F-13 1044311 23/02/2023 23/02/2023 Folleto